| Tag |
First Indicator |
Second Indicator |
Subfields |
| LEADER |
00000cam a2200000 a 4500 |
| 001 |
in00002185821 |
| 005 |
20151104073919.0 |
| 008 |
970819s1997 mnu b 001 0 eng |
| 010 |
|
|
|a 97036937
|
| 020 |
|
|
|a 080068303X (alk. paper)
|
| 029 |
1 |
|
|a NLGGC
|b 216434181
|
| 035 |
|
|
|a (OCoLC)ocm37527658
|
| 040 |
|
|
|a DLC
|c DLC
|d IDI
|d BAKER
|d UtOrBLW
|
| 041 |
1 |
|
|a eng
|h ger
|
| 049 |
|
|
|a TXAM
|
| 050 |
0 |
0 |
|a BR45
|b .B6513 1996 vol. 3
|a BS1235.B653
|
| 082 |
0 |
0 |
|a 230/.044 s
|a 222/.1106
|2 21
|
| 090 |
|
|
|a BR45
|b .B6513 1996 v. 3
|
| 100 |
1 |
|
|a Bonhoeffer, Dietrich,
|d 1906-1945.
|
| 240 |
1 |
0 |
|a Schöpfung und Fall.
|l English
|
| 245 |
1 |
0 |
|a Creation and fall :
|b a theological exposition of Genesis 1-3 /
|c Dietrich Bonhoeffer ; translated from the German edition edited by Martin Rüter and Ilse Tödt ; English edition edited by John W. de Gruchy ; translated by Douglas Stephen Bax.
|
| 264 |
|
1 |
|a Minneapolis :
|b Fortress Press,
|c 1997.
|
| 300 |
|
|
|a xiv, 207 pages ;
|c 24 cm.
|
| 336 |
|
|
|a text
|b txt
|2 rdacontent
|
| 337 |
|
|
|a unmediated
|b n
|2 rdamedia
|
| 338 |
|
|
|a volume
|b nc
|2 rdacarrier
|
| 490 |
1 |
|
|a Dietrich Bonhoeffer works ;
|v v. 3
|
| 504 |
|
|
|a Includes bibliographical references (pages 178-193) and indexes.
|
| 505 |
0 |
0 |
|t Beginning (Gen. 1:1-2) --
|t Word (Gen. 1:3) --
|t God's look (Gen. 1:4a) --
|t Day (Gen. 1:4b-5) --
|t That which is firmly fixed (Gen. 1:6-10, 14-19) --
|t That which lives (Gen. 1:11-13, 20-25) --
|t Image of God on earth (Gen. 1:26-27) --
|t Blessing and completion (Gen. 1:28-31, 2:1-4a) --
|t Other side (Gen. 2:5bff.) --
|t Human being of earth and spirit (Gen. 2:7) --
|t Center of the earth (Gen. 2:8-17) --
|t Power of the other (Gen. 2:18-25) --
|t Pious question (Gen. 3:1-3) --
|t Sicut Deus (Gen. 3:4-5) --
|t Fall (Gen. 3:6) --
|t New thing (Gen. 3:7) --
|t Flight (Gen. 3:8-13) --
|t Curse and promise (Gen. 3:14-19) --
|t Mother of all that lives (Gen. 3:20) --
|t God's new action (Gen. 3:21) --
|t Tree of life (Gen. 3:22ff) --
|t Cain (Gen. 4:1).
|
| 630 |
0 |
0 |
|a Bible.
|p Genesis I-III
|x Commentaries.
|
| 650 |
|
0 |
|a Creation.
|
| 650 |
|
0 |
|a Sin
|x Christianity.
|
| 700 |
1 |
|
|a De Gruchy, John W.
|
| 700 |
1 |
|
|a Bax, Douglas S.
|
| 800 |
1 |
|
|a Bonhoeffer, Dietrich,
|d 1906-1945.
|t Works.
|l English.
|f 1996 ;
|v v. 3.
|
| 938 |
|
|
|a Baker & Taylor
|b BKTY
|c 32.00
|d 24.00
|i 080068303X
|n 0003061045
|s active
|
| 948 |
|
|
|a cataloged
|b h
|c 2006/10/13
|d c
|e ceaton
|f 10:43:45 am
|
| 994 |
|
|
|a C0
|b TXA
|
| 999 |
|
|
|a MARS
|
| 999 |
f |
f |
|s ffd4309d-55a4-3401-92de-4f3a21b974c4
|i 08471aaa-8957-3c22-bb49-7dd2c3858916
|t 0
|
| 952 |
f |
f |
|p normal
|a Texas A&M University
|b College Station
|c Sterling C. Evans Library
|d Evans: Library Stacks
|t 0
|e BR45 .B6513 1996 v.3
|h Library of Congress classification
|i unmediated -- volume
|m A14834845007
|
| 998 |
f |
f |
|a BR45 .B6513 1996 v.3
|t 0
|l Evans: Library Stacks
|